<?xml version="1.0" encoding="UTF-8"?>
<record
    xmlns:xsi="http://www.w3.org/2001/XMLSchema-instance"
    xsi:schemaLocation="http://www.loc.gov/MARC21/slim http://www.loc.gov/standards/marcxml/schema/MARC21slim.xsd"
    xmlns="http://www.loc.gov/MARC21/slim">

  <leader>00576nam a22001937a 4500</leader>
  <controlfield tag="001">2888</controlfield>
  <controlfield tag="003">HMS</controlfield>
  <controlfield tag="005">20251027101718.0</controlfield>
  <controlfield tag="008">251027e1936    cl ||||gr|||| 00| f spa  </controlfield>
  <datafield tag="040" ind1=" " ind2=" ">
    <subfield code="a">hms</subfield>
    <subfield code="b">spa</subfield>
    <subfield code="c">hms</subfield>
  </datafield>
  <datafield tag="082" ind1="0" ind2="4">
    <subfield code="a">813 L847</subfield>
  </datafield>
  <datafield tag="100" ind1="1" ind2=" ">
    <subfield code="a">London, Jack,</subfield>
    <subfield code="d">1876-1916</subfield>
    <subfield code="9">4532</subfield>
  </datafield>
  <datafield tag="245" ind1="1" ind2="3">
    <subfield code="a">La estupenda bestia / </subfield>
    <subfield code="c">Jack London ; Traducci&#xF3;n de Guillermo Labarca H.</subfield>
    <subfield code="h">[libro]</subfield>
  </datafield>
  <datafield tag="260" ind1=" " ind2=" ">
    <subfield code="a">Santiago de Chile :</subfield>
    <subfield code="b">Ediciones Selectas,</subfield>
    <subfield code="c">1936</subfield>
  </datafield>
  <datafield tag="300" ind1=" " ind2=" ">
    <subfield code="a">116 p&#xE1;ginas ;</subfield>
    <subfield code="c">19 cm. </subfield>
  </datafield>
  <datafield tag="490" ind1="0" ind2=" ">
    <subfield code="a">Empresa letras</subfield>
  </datafield>
  <datafield tag="650" ind1=" " ind2="7">
    <subfield code="a">Novelas estadounidenses</subfield>
    <subfield code="9">4533</subfield>
  </datafield>
  <datafield tag="942" ind1=" " ind2=" ">
    <subfield code="2">ddc</subfield>
    <subfield code="c">CP</subfield>
    <subfield code="n">0</subfield>
  </datafield>
  <datafield tag="999" ind1=" " ind2=" ">
    <subfield code="c">2888</subfield>
    <subfield code="d">2888</subfield>
  </datafield>
  <datafield tag="952" ind1=" " ind2=" ">
    <subfield code="0">0</subfield>
    <subfield code="1">0</subfield>
    <subfield code="2">ddc</subfield>
    <subfield code="4">0</subfield>
    <subfield code="7">0</subfield>
    <subfield code="8">Col. Res.</subfield>
    <subfield code="a">BHMS</subfield>
    <subfield code="b">BHMS</subfield>
    <subfield code="c">Full Space</subfield>
    <subfield code="d">2025-10-27</subfield>
    <subfield code="e">Donaci&#xF3;n</subfield>
    <subfield code="i">001252</subfield>
    <subfield code="l">0</subfield>
    <subfield code="o">813 L847 1936</subfield>
    <subfield code="p">001252</subfield>
    <subfield code="r">2025-10-27 09:30:00</subfield>
    <subfield code="t">c.1</subfield>
    <subfield code="w">2025-10-27</subfield>
    <subfield code="y">CP</subfield>
  </datafield>
</record>
